República Dominicana : (Registro nro. 46988)
[ vista simple ]
| 000 -CABECERA | |
|---|---|
| campo de control de longitud fija | 01083nam a2200265 u 4500 |
| 001 - NÚMERO DE CONTROL | |
| campo de control | 000047500 |
| 005 - FECHA Y HORA DE LA ÚLTIMA TRANSACCIÓN | |
| campo de control | 20250702113509.0 |
| 008 - DATOS DE LONGITUD FIJA--INFORMACIÓN GENERAL | |
| campo de control de longitud fija | 090703s2004 dr di r 000 0 spa d |
| 040 ## - FUENTE DE LA CATALOGACIÓN | |
| Centro catalogador/agencia de origen | DO-SdBNP |
| Lengua de catalogación | spa |
| Centro/agencia transcriptor | BNPHU |
| 082 ## - NÚMERO DE LA CLASIFICACIÓN DECIMAL DEWEY | |
| Número de clasificación | 330.97293 |
| Número de documento/Ítem | R426e |
| 245 00 - MENCIÓN DE TÍTULO | |
| Título | República Dominicana : |
| Resto del título | estrategia nacional de desarrollo y competitividad / |
| Mención de responsabilidad, etc. | prólogo Jeffrey Sachs. |
| 260 ## - PUBLICACIÓN, DISTRIBUCIÓN, ETC. | |
| Lugar de publicación, distribución, etc. | Santo Domingo : |
| Nombre del editor, distribuidor, etc. | FUNGLODE, |
| Fecha de publicación, distribución, etc. | 2004. |
| 300 ## - DESCRIPCIÓN FÍSICA | |
| Extensión | 290 p. : |
| Otras características físicas | il, diag. ; |
| Dimensiones | 28 cm. |
| 504 ## - NOTA DE BIBLIOGRAFÍA, ETC. | |
| Nota de bibliografía, etc. | Incluye bibliografía y notas a pie de las páginas |
| 650 #0 - PUNTO DE ACCESO ADICIONAL DE MATERIA--TÉRMINO DE MATERIA | |
| Término de materia o nombre geográfico como elemento de entrada | Competencia económica |
| 9 (RLIN) | 8351 |
| 650 #4 - PUNTO DE ACCESO ADICIONAL DE MATERIA--TÉRMINO DE MATERIA | |
| Término de materia o nombre geográfico como elemento de entrada | Zonas francas |
| Subdivisión geográfica | República Dominicana |
| 9 (RLIN) | 8349 |
| 650 #4 - PUNTO DE ACCESO ADICIONAL DE MATERIA--TÉRMINO DE MATERIA | |
| Término de materia o nombre geográfico como elemento de entrada | Educación |
| Subdivisión geográfica | República Dominicana |
| 9 (RLIN) | 737 |
| 650 #4 - PUNTO DE ACCESO ADICIONAL DE MATERIA--TÉRMINO DE MATERIA | |
| Término de materia o nombre geográfico como elemento de entrada | Microempresas |
| Subdivisión geográfica | República Dominicana |
| 9 (RLIN) | 289 |
| 650 #4 - PUNTO DE ACCESO ADICIONAL DE MATERIA--TÉRMINO DE MATERIA | |
| Término de materia o nombre geográfico como elemento de entrada | Turismo |
| Subdivisión geográfica | República Dominicana |
| 9 (RLIN) | 8433 |
| 651 #4 - PUNTO DE ACCESO ADICIONAL DE MATERIA--NOMBRE GEOGRÁFICO | |
| Nombre geográfico | República Dominicana |
| Subdivisión general | Condiciones Económicas |
| Subdivisión cronológica | 1961 |
| 9 (RLIN) | 7344 |
| 651 #4 - PUNTO DE ACCESO ADICIONAL DE MATERIA--NOMBRE GEOGRÁFICO | |
| Nombre geográfico | República Dominicana |
| Subdivisión general | Política Económica |
| 9 (RLIN) | 643 |
| 700 12 - PUNTO DE ACCESO ADICIONAL--NOMBRE DE PERSONA | |
| Nombre de persona | Sachs, Jeffrey |
| Término indicativo de función/relación | pról. |
| 9 (RLIN) | 8434 |
| 710 22 - PUNTO DE ACCESO ADICIONAL--NOMBRE DE ENTIDAD CORPORATIVA | |
| Nombre de entidad corporativa o nombre de jurisdicción como elemento de entrada | Fundación Global Democracía y Desarrollo |
| 9 (RLIN) | 25477 |
| 910 ## - DATOS DE OPCIÓN DEL USUARIO (OCLC) | |
| Datos de opción del usuario | Validado. Control de calidad MFF |
No hay ítems disponibles.
